Fukaralığa veda (Record no. 10196)

MARC details
000 -BAŞLIK
Sabit Uzunlukta Kontrol Alanı 01093na a2200337 4500
001 - KONTROL NUMARASI
Denetim Alanı 14648
003 - KONTROL NUMARASI IDENTIFIER
Denetim Alanı MIRAKIL
005 - SON İŞLEM TARİHİ VE ZAMANI
Denetim Alanı 20181213155310.0
008 - SABİT-BOY VERİ ELEMANLARI - GENEL BİLGİLER
Sabit Uzunlukta Kontrol Alanı 161025b tu 000 0
020 ## - ULUSLARARASI STANDART KİTAP NUMARASI
Uluslararası Standart Kitap Numarası 9786053992783
035 ## - SİSTEM KONTROL NUMARASI
Sistem Kontrol Numarası 14648
040 ## - KATALOGLAMA KAYNAK
Orijinal Kataloglama Ajansı Milas
Kataloglama Dili tur
Metne Dönüştürmek Ajansı TR-AnCHP
041 ## - DİL KODU
Metin / Ses Parça Veya Ayrı Başlığın Dil Kodu tur
082 ## - DEWEY ONLU SINIFLANDIRMA NUMARASI
Sınıflandırma Numarası 330.09
Ürün Numarası C42f 2013
090 ## - SINIFLAMA NUMARASI
Sınıflama Numarası 330.09 C42f 2013
100 ## - ANA GİRİŞ - KİŞİSEL İSİM
Kişisel Ad Clark, Gregory
245 ## - BAŞLIK TABLOSU
Başlık Fukaralığa veda
Başlığın Kalan Dünyanın kısa iktisadi tarihi
Sorumluluk Tablosu, Vb Gregory Clark; çeviren Egemen Demircioğlu
246 ## - UNVAN FORM VARYING
Başlık Doğru / Kısa Başlığı Dünyanın kısa iktisadi tarihi
260 ## - YAYIN, DAĞITIM, VB
Yayın, Dağıtım, Vb Yeri İstanbul
Yayıncı, Dağıtıcı, Vs Adı İstanbul Bilgi Üniversitesi Yayınları
Yayın, Dağıtım, Vb Tarihi 2013
300 ## - FİZİKSEL TANIM
Kapsam xiii, 439 s.
Diğer Fiziksel Ayrıntıları tbl. , grf. , fotğ.
Boyutlar 24 sm.
490 ## - SERİSİ TABLOSU
Seri Beyanı Ekonomi
Hacim / Ardışık Tanımı 17
490 ## - SERİSİ TABLOSU
Seri Beyanı İstanbul Bilgi Üniversitesi yayınları
Hacim / Ardışık Tanımı 437
500 ## - GENEL NOT
Genel Not Eserin özgün adı: A farewell to alms a brief economic history of the world.
504 ## - KAYNAKÇA VB NOT
Kaynakça Vb Notu Kaynakça ve dizin var.
650 ## - KONU KATMA GİRİŞ - TOPİKAL DÖNEM
Topikal Süreli Veya Coğrafi Ad Giriş Elemanı İktisat
Genel Alt Bölümü Tarih
650 ## - KONU KATMA GİRİŞ - TOPİKAL DÖNEM
Topikal Süreli Veya Coğrafi Ad Giriş Elemanı Ekonomi
Genel Alt Bölümü Tarih
651 ## - KONU KATMA GİRİŞ - COĞRAFİ ADI
Coğrafi İsim Ekonomi tarihi
651 ## - KONU KATMA GİRİŞ - COĞRAFİ ADI
Coğrafi İsim İktisat tarihi
700 ## - KATMA GİRİŞ - KİŞİSEL İSİM
Kişisel Ad Demircioğlu, Egemen
942 ## - EKLENDİ GİRİŞ ELEMANLARI (KOHA)
Sınıflandırma Veya Raf Düzeni Kaynak Dewey Decimal Classification
Koha Öğesi Türü Books
999 ## - SİSTEM KONTROL NUMARALARI (KOHA)
Koha Biblionumber 10196
Koha Biblioitemnumber 10196
Holdings
Kalıcı Konum Mevcut Konum Edinme Tarihi Edinim Kaynak Toplam Check-Out'Lar Tam Çağrı Numarası Barkod Tarih Son Görülme İtibaren Geçerli Fiyatlar Koha Öğesi Türü
CHP Kütüphanesi CHP Kütüphanesi 08/30/2016 Bağış   330.09 C42f 2013 001461 08/30/2016 08/30/2016 Books